Budovanie značky zamestnávateľa ako súčasť personálneho manažmentu diplomová práca

Enregistré dans:
Détails bibliographiques
Auteur principal: Segečová, Bronislava
Collectivité auteur: Fakulta podnikového manažmentu EU. Katedra manažmentu
Autres auteurs: Matkovčíková, Natália, 1982-
Format: Livre
Langue:slovaque
Publié: Bratislava 2023
Tags: Ajouter un tag
Pas de tags, Soyez le premier à ajouter un tag!

MARC

LEADER 00000nbm a2200000 4500
001 0293551
005 20240221085727.3
041 0 |a slo 
044 |a SK 
245 1 0 |a Budovanie značky zamestnávateľa ako súčasť personálneho manažmentu  |b diplomová práca  |c Bronislava Segečová ; školiteľ: Natália Matkovčíková 
264 1 |a Bratislava  |c 2023 
300 |a 82 s. 
100 1 |a Segečová, Bronislava 
700 1 |a Matkovčíková, Natália, 1982- 
710 2 |a Fakulta podnikového manažmentu EU. Katedra manažmentu